[Event "Polanica Zdroj op-E 46th"]
[Site "Polanica Zdroj"]
[Date "2010.08.25"]
[Round "7"]
[White "Korycki, Jozef"]
[Black "Jagiello, Adolf"]
[Result "1-0"]
[WhiteElo "1667"]
[BlackElo "1469"]
[PlyCount "77"]
[EventDate "2010.08.19"]
[EventType "swiss"]
[EventRounds "10"]
[EventCountry "POL"]
[SourceTitle "CBM 138 Extra"]
[Source "ChessBase"]
[SourceDate "2010.10.29"]
[SourceVersion "1"]
[SourceVersionDate "2010.10.29"]
[SourceQuality "1"]

1. e4 e5 2. Nf3 Nc6 3. c3 Nf6 4. d3 Be7 5. h3 d6 6. Be3 Bd7 7. Nbd2 Be6 8. Ng5
Qd7 9. Be2 h6 10. Nxe6 fxe6 11. Bh5+ Nxh5 12. Qxh5+ Kd8 13. O-O Qe8 14. Qg4 Qf7
15. f4 h5 16. Qe2 Bf6 17. fxe5 dxe5 18. Bg5 Qe7 19. Bxf6 gxf6 20. Qf3 Kd7 21.
Qxf6 Qxf6 22. Rxf6 Rae8 23. Raf1 Nd8 24. Nc4 Nc6 25. b4 b5 26. Ne3 Kc8 27. Rg6
Kb7 28. Rff6 Nd8 29. Rh6 a6 30. Kf2 Ka7 31. Ke2 c6 32. h4 Reg8 33. Kf2 Kb7 34.
a3 Kb6 35. g3 Kb7 36. Kf3 Kb6 37. Kf2 Kc7 38. Rfg6 Re8 39. Rg5 1-0

[Event "Rewal op-A 15th"]
[Site "Rewal"]
[Date "2010.08.23"]
[Round "4"]
[White "Polok, Kacper"]
[Black "Jaracz, Barbara"]
[Result "1/2-1/2"]
[WhiteElo "2041"]
[BlackElo "2280"]
[PlyCount "76"]
[EventDate "2010.08.19"]
[EventType "swiss"]
[EventRounds "9"]
[EventCountry "POL"]
[SourceTitle "EXT 2013"]
[Source "ChessBase"]
[SourceDate "2012.11.22"]
[SourceVersion "1"]
[SourceVersionDate "2012.11.22"]
[SourceQuality "1"]

1. e4 e5 2. Nf3 Nc6 3. c3 d5 4. Qa4 Bd7 5. exd5 Nd4 6. Qd1 Nxf3+ 7. Qxf3 Nf6 8.
Bc4 e4 9. Qe3 Bd6 10. h3 O-O 11. O-O Bf5 12. Bb3 Qe7 13. d4 exd3 14. Qxe7 Bxe7
15. Bf4 Rfd8 16. Bxc7 Rd7 17. Be5 Nxd5 18. Nd2 f6 19. Rfe1 Kf8 20. Bg3 Bc5 21.
Kf1 b5 22. Ne4 Bxe4 23. Rxe4 Re8 24. Rxe8+ Kxe8 25. c4 Nc7 26. cxb5 Nxb5 27.
Rd1 d2 28. Bf4 Bb4 29. a3 Ba5 30. Ba4 a6 31. b4 Bb6 32. Rxd2 Rxd2 33. Bxd2 Ke7
34. Bxb5 axb5 35. Ke2 Bd4 36. Bc1 Kd6 37. f3 Kd5 38. Kd3 f5 1/2-1/2

[Event "Dun Laoghaire GM"]
[Site "Dun Laoghaire"]
[Date "2010.08.23"]
[Round "3"]
[White "Heidenfeld, Mark"]
[Black "Hebden, Mark"]
[Result "1/2-1/2"]
[WhiteElo "2360"]
[BlackElo "2556"]
[PlyCount "105"]
[EventDate "2010.08.21"]
[EventType "tourn"]
[EventRounds "9"]
[EventCountry "IRL"]
[EventCategory "8"]
[SourceTitle "CBM 138 Extra"]
[Source "ChessBase"]
[SourceDate "2010.10.29"]
[SourceVersion "1"]
[SourceVersionDate "2010.10.29"]
[SourceQuality "1"]

1. e4 e5 2. Nf3 Nc6 3. c3 d5 4. Qa4 Bd7 5. exd5 Nd4 6. Qd1 Nxf3+ 7. Qxf3 Nf6 8.
Bc4 e4 9. Qe2 Qe7 10. O-O O-O-O 11. d4 Bg4 12. f3 exf3 13. Qxe7 Bxe7 14. gxf3
Bh5 15. Bg5 Nxd5 16. Bxe7 Nxe7 17. Nd2 Nd5 18. Rae1 Nf4 19. Re7 Rd7 20. Rfe1
Rxe7 21. Rxe7 Kd8 22. Re5 g5 23. Ne4 h6 24. Kf2 Bg6 25. Nf6 b6 26. Kg3 Nh5+ 27.
Nxh5 Bxh5 28. Bb5 Bg6 29. f4 f6 30. Rd5+ Kc8 31. Ba6+ Kb8 32. Rd7 Bb1 33. Rf7
gxf4+ 34. Kxf4 Bxa2 35. Rxf6 Bd5 36. h4 Bb7 37. Bxb7 Kxb7 38. h5 a5 39. Ke3 Ka6
40. Kd3 Kb5 41. b3 Rg8 42. Rg6 Rf8 43. Rxh6 Rf3+ 44. Kc2 Rf2+ 45. Kb1 Rh2 46.
Kc1 a4 47. bxa4+ Kxa4 48. Rc6 Rxh5 49. Rxc7 Rh2 50. d5 Rh5 51. d6 Rd5 52. Rc4+
Kb5 53. Rd4 1/2-1/2

[Event "Polanica Zdroj op-E 46th"]
[Site "Polanica Zdroj"]
[Date "2010.08.22"]
[Round "4"]
[White "Niezgoda, Boleslaw"]
[Black "Szydlowski, Wiktor"]
[Result "1/2-1/2"]
[WhiteElo "1761"]
[BlackElo "1865"]
[PlyCount "30"]
[EventDate "2010.08.19"]
[EventType "swiss"]
[EventRounds "10"]
[EventCountry "POL"]
[SourceTitle "CBM 138 Extra"]
[Source "ChessBase"]
[SourceDate "2010.10.29"]
[SourceVersion "1"]
[SourceVersionDate "2010.10.29"]
[SourceQuality "1"]

1. e4 e5 2. Nf3 Nc6 3. c3 Nf6 4. Qc2 Bc5 5. b4 Bb6 6. Be2 d6 7. O-O a6 8. Bb2
O-O 9. d4 exd4 10. cxd4 Bg4 11. Rd1 Nxb4 12. Qc4 Nc6 13. e5 d5 14. Qc2 Ne4 15.
h3 Bf5 1/2-1/2

[Event "Cologne Chess Days op"]
[Site "Cologne"]
[Date "2010.08.22"]
[Round "4"]
[White "Van Kempen, Susanne"]
[Black "Coeln, Felix"]
[Result "1-0"]
[WhiteElo "1567"]
[BlackElo "1246"]
[PlyCount "95"]
[EventDate "2010.08.20"]
[EventType "swiss"]
[EventRounds "5"]
[EventCountry "GER"]
[SourceTitle "EXT 2011"]
[Source "ChessBase"]
[SourceDate "2010.11.26"]
[SourceVersion "1"]
[SourceVersionDate "2010.11.26"]
[SourceQuality "1"]

1. e4 e5 2. Nf3 Nc6 3. c3 Nf6 4. d4 exd4 5. e5 Ng4 6. cxd4 Bb4+ 7. Nc3 d6 8. h3
Nh6 9. Bc4 dxe5 10. d5 e4 11. Nd2 e3 12. dxc6 exf2+ 13. Kf1 O-O 14. Qf3 bxc6
15. Qxf2 Be6 16. Be2 Qe7 17. Nb3 Rad8 18. Bxh6 gxh6 19. Ne4 f5 20. Qg3+ Kh8 21.
Qe5+ Kg8 22. Nec5 Rd6 23. Qg3+ Kh8 24. Nxe6 Rxe6 25. Nd4 f4 26. Qf3 Re3 27.
Qxc6 Bc5 28. Qa4 Bxd4 29. Qxd4+ Rf6 30. Re1 c5 31. Qd1 Rd6 32. Qc1 Rd4 33. b3
a5 34. Bc4 Rxe1+ 35. Qxe1 Re4 36. Qa1+ Qg7 37. Qxg7+ Kxg7 38. Kf2 Kf6 39. Re1
Rxe1 40. Kxe1 Ke5 41. Bg8 h5 42. Bxh7 Kd4 43. Kd2 h4 44. Bg6 c4 45. bxc4 Kxc4
46. Ke2 Kc3 47. Kf3 Kd4 48. Kxf4 1-0

[Event "Cologne Chess Days op"]
[Site "Cologne"]
[Date "2010.08.21"]
[Round "3"]
[White "Van Kempen, Susanne"]
[Black "Karwatzki, Hans Juergen"]
[Result "0-1"]
[WhiteElo "1567"]
[BlackElo "1739"]
[PlyCount "64"]
[EventDate "2010.08.20"]
[EventType "swiss"]
[EventRounds "5"]
[EventCountry "GER"]
[SourceTitle "EXT 2011"]
[Source "ChessBase"]
[SourceDate "2010.11.26"]
[SourceVersion "1"]
[SourceVersionDate "2010.11.26"]
[SourceQuality "1"]

1. e4 e5 2. Nf3 Nc6 3. c3 f5 4. exf5 d5 5. Bb5 Bd6 6. Qa4 Bd7 7. O-O Nf6 8. Re1
e4 9. d3 O-O 10. dxe4 dxe4 11. Ng5 Ng4 12. h3 Nxf2 13. Be3 Rxf5 14. Qc4+ Kh8
15. Nf7+ Rxf7 16. Qxf7 Nd3 17. Bxc6 Bxc6 18. Re2 Qh4 19. Bd4 Qg3 20. Qxg7+ Qxg7
21. Bxg7+ Kxg7 22. Nd2 Bc5+ 23. Kh2 Re8 24. Nb3 Bd6+ 25. g3 Rf8 26. Nd4 Bd5 27.
b3 Be5 28. Rd1 c5 29. Nb5 Rf3 30. c4 Bc6 31. Nxa7 Bxg3+ 32. Kg2 Nf4+ 0-1

[Event "SINGLEGAMES"]
[Site "Lechenicher SchachServer"]
[Date "2010.08.21"]
[Round "?"]
[White "Okeefe, Michael"]
[Black "Evans, Stan"]
[Result "1-0"]
[WhiteElo "2192"]
[BlackElo "1825"]
[PlyCount "93"]
[EventDate "2009.07.16"]

1. e4 e5 2. Nf3 Nc6 3. c3 Nf6 4. d4 exd4 5. e5 Ne4 6. Qe2 f5 7. exf6 d5 8. Nbd2
Qxf6 9. Nxe4 dxe4 10. Qxe4+ Qe6 11. Bd3 dxc3 12. bxc3 Qxe4+ 13. Bxe4 Bc5 14.
O-O O-O 15. Bd5+ Kh8 16. Re1 Bd7 17. Be3 Bxe3 18. Rxe3 Rae8 19. Rae1 Rxe3 20.
Rxe3 h6 21. Kf1 Rd8 22. Ke1 g5 23. Nd2 Kg7 24. Nf1 b6 25. Bxc6 Bxc6 26. Re7+
Kf6 27. Rxc7 Bxg2 28. Rxa7 Bxf1 29. Kxf1 Rc8 30. Ra6 Rxc3 31. Rxb6+ Kg7 32. Rb3
Rc2 33. a4 Ra2 34. Rb7+ Kg6 35. Rb4 Ra3 36. Kg2 h5 37. h3 h4 38. Rb6+ Kf7 39.
Rb5 Kg6 40. Rb6+ Kf5 41. Ra6 Kf4 42. Ra8 Ra2 43. Ra7 g4 44. Rf7+ Ke5 45. hxg4
Rxa4 46. Rf5+ Ke6 47. Kh3 1-0

[Event "GRAND PRIX BALCANI - Festivalul Interna"]
[Site "?"]
[Date "2010.08.20"]
[Round "?"]
[White "Sandru, Nicolae"]
[Black "Ciungan, Diana-Alexandra"]
[Result "1-0"]
[WhiteElo "1885"]
[BlackElo "1680"]
[PlyCount "73"]
[EventDate "2010.??.??"]
[SourceTitle "OM OTB B 201907"]
[Source "Opening Master"]
[SourceDate "2019.07.06"]
[SourceVersion "2"]
[SourceVersionDate "2019.07.06"]
[SourceQuality "1"]

1. e4 e5 2. Nf3 Nc6 3. c3 Nf6 4. Qc2 d5 5. Bb5 Qd6 6. exd5 Qxd5 7. Bxc6+ bxc6
8. O-O Bg4 9. c4 Qd6 10. Qc3 e4 11. Re1 Be7 12. Ng5 Bf5 13. f3 exf3 14. Qxf3
Qc5+ 15. d4 Qxd4+ 16. Be3 Qd7 17. Bc5 Be6 18. Nxe6 fxe6 19. Bxe7 Kxe7 20. Nc3
Qd4+ 21. Qe3 Qxe3+ 22. Rxe3 Rhe8 23. Rae1 Kf7 24. Re5 Nd7 25. Ra5 Nb6 26. b3
Ke7 27. Ra6 Kd7 28. Ne4 e5 29. a4 Kc8 30. a5 Kb7 31. Nc5+ Kc8 32. axb6 cxb6 33.
Ne4 Kc7 34. Rea1 Rf8 35. Rxa7+ Rxa7 36. Rxa7+ Kb8 37. Rxg7 1-0

[Event "FRA-ch (Women) 85th"]
[Site "Belfort"]
[Date "2010.08.18"]
[Round "8"]
[White "Milliet, Sophie"]
[Black "Collas, Silvia"]
[Result "1-0"]
[WhiteElo "2367"]
[BlackElo "2333"]
[PlyCount "73"]
[EventDate "2010.08.10"]
[EventType "tourn"]
[EventRounds "10"]
[EventCountry "FRA"]
[EventCategory "4"]
[SourceTitle "CBM 137 Extra"]
[Source "ChessBase"]
[SourceDate "2010.09.01"]
[SourceVersion "1"]
[SourceVersionDate "2010.09.01"]
[SourceQuality "1"]

1. e4 e5 2. Nf3 Nc6 3. c3 Nf6 4. d4 d6 5. Bb5 Bd7 6. O-O Be7 7. Re1 O-O 8. Ba4
a6 9. Nbd2 Re8 10. Nf1 Bf8 11. Ng3 g6 12. h3 Bg7 13. Bc2 Qe7 14. d5 Nd8 15. Bg5
h6 16. Be3 Nh7 17. Qd2 h5 18. h4 Bg4 19. Ng5 Nf8 20. Rf1 f6 21. Nf3 Nf7 22. Nh2
Bd7 23. b4 Kh7 24. c4 Nh6 25. c5 a5 26. a3 axb4 27. axb4 Bb5 28. Bd3 Qd7 29.
Qe2 Bxd3 30. Qxd3 Ng4 31. Nxg4 Qxg4 32. Qb5 Rab8 33. Ra7 Qc8 34. cxd6 cxd6 35.
Rc1 Qg4 36. Rc7 Rec8 37. Rcxb7 1-0

[Event "Cup Governor's (juniors)"]
[Site "Satka (Russia)"]
[Date "2010.08.18"]
[Round "6"]
[White "Kostitsina, Liubov"]
[Black "Tsvetkov, Pavel"]
[Result "1-0"]
[WhiteElo "1910"]
[BlackElo "2065"]
[PlyCount "149"]
[EventDate "2010.??.??"]
[EventRounds "9"]
[SourceTitle "OM OTB B 201907"]
[Source "Opening Master"]
[SourceDate "2019.07.06"]
[SourceVersion "2"]
[SourceVersionDate "2019.07.06"]
[SourceQuality "1"]

1. e4 e5 2. Nf3 Nc6 3. c3 Nf6 4. d4 exd4 5. e5 Nd5 6. Bb5 d6 7. O-O Bd7 8. Re1
dxe5 9. Nxe5 Nxe5 10. Rxe5+ Be7 11. Rxd5 c6 12. Rxd7 Qxd7 13. Bf1 c5 14. cxd4
cxd4 15. Bf4 O-O 16. Bd3 Bd6 17. Bxd6 Qxd6 18. Nd2 Qb4 19. Nb3 Rfe8 20. Qd2 Qb6
21. Nxd4 Rad8 22. Nf3 Rd6 23. Qc2 Rc6 24. Qb3 Qc7 25. g3 Rb6 26. Qc4 Qd8 27.
Rd1 Qf6 28. Qa4 Rc8 29. Qe4 g6 30. b3 Rd8 31. Kg2 Rbd6 32. Qe2 Re6 33. Qc2 Rc6
34. Qb1 Rc3 35. Be4 Re8 36. Rd3 Rc7 37. Rd4 Rc3 38. Qd1 Rc7 39. Qd2 Rce7 40.
Bd3 a6 41. a4 Qc6 42. Bc4 b5 43. axb5 axb5 44. Bd5 Qb6 45. Qh6 Qf6 46. Rh4 Qg7
47. Ng5 Rd8 48. Bxf7+ Rxf7 49. Qxg7+ Rxg7 50. Ne6 Rd3 51. Nxg7 Kxg7 52. Rb4 Rd5
53. Re4 Kf6 54. Kf3 h5 55. h4 Rc5 56. Ke2 Rc3 57. Re3 Rc2+ 58. Kf3 Kf5 59. Rd3
Rc5 60. b4 Re5 61. Rd8 Kf6 62. Rc8 Rd5 63. Rc6+ Kf7 64. Ke4 Rd2 65. Rc5 Rxf2
66. Rxb5 Rf1 67. Rg5 Rb1 68. b5 Rb4+ 69. Kd3 Ke7 70. Kc3 Rb1 71. Kc4 Kd7 72.
Rxg6 Rc1+ 73. Kd5 Rc3 74. b6 Kc8 75. Rc6+ 1-0

[Event "San Francisco TNM Peter Grey op"]
[Site "San Francisco"]
[Date "2010.08.17"]
[Round "3"]
[White "Capdeville, Barry"]
[Black "Cole, Tony"]
[Result "0-1"]
[WhiteElo "1334"]
[BlackElo "1494"]
[PlyCount "28"]
[EventDate "2010.08.03"]
[EventType "swiss"]
[EventRounds "9"]
[EventCountry "USA"]
[SourceTitle "EXT 2012"]
[Source "ChessBase"]
[SourceDate "2011.11.24"]
[SourceVersion "1"]
[SourceVersionDate "2011.11.24"]
[SourceQuality "1"]

1. e4 e5 2. Nf3 Nc6 3. c3 Nf6 4. Bd3 d5 5. Qe2 Bg4 6. Bc2 d4 7. d3 Bc5 8. b4
Bb6 9. Bb3 dxc3 10. Be3 Nxb4 11. Bxb6 Nxd3+ 12. Kf1 axb6 13. Nxc3 Nf4 14. Qe3
Qd3+ 0-1

[Event "Berlin Lichtenberger op 9th"]
[Site "Berlin"]
[Date "2010.08.15"]
[Round "9"]
[White "Voeller, Lothar"]
[Black "Meinicke, Kurt"]
[Result "1/2-1/2"]
[WhiteElo "1533"]
[BlackElo "1120"]
[PlyCount "174"]
[EventDate "2010.08.07"]
[EventType "swiss"]
[EventRounds "9"]
[EventCountry "GER"]
[SourceTitle "CBM 137 Extra"]
[Source "ChessBase"]
[SourceDate "2010.09.01"]
[SourceVersion "1"]
[SourceVersionDate "2010.09.01"]
[SourceQuality "1"]

1. e4 e5 2. Nf3 Nc6 3. c3 Nf6 4. d4 d6 5. d5 Nb8 6. Bd3 Be7 7. O-O O-O 8. c4
Bg4 9. Be3 c6 10. Nbd2 Nbd7 11. h3 Bh5 12. Re1 h6 13. Nf1 cxd5 14. cxd5 Bg6 15.
Ng3 Rc8 16. Qd2 Nc5 17. Bxc5 Rxc5 18. b4 Rc7 19. Rec1 Qb8 20. Rxc7 Qxc7 21. Rc1
Qd7 22. Qc2 Rb8 23. a4 Bd8 24. Nd2 Ne8 25. f3 Bb6+ 26. Kh2 Be3 27. Ngf1 Bf4+
28. g3 Bg5 29. h4 Bd8 30. Ne3 Bb6 31. Bb5 Qe7 32. Nf5 Bxf5 33. exf5 Nf6 34. Nb3
Be3 35. Qc7 Qxc7 36. Rxc7 Nxd5 37. Rd7 Rc8 38. Rxd6 Rc2+ 39. Kh3 Nf6 40. Rd3
Bg1 41. Rd2 Rxd2 42. Nxd2 Kf8 43. Bc4 Ke7 44. Kg2 Be3 45. Nb3 b6 46. Kf1 h5 47.
Ke2 Bg1 48. b5 e4 49. fxe4 Nxe4 50. Kf3 Nd6 51. Bd3 Kf6 52. g4 hxg4+ 53. Kxg4
Be3 54. h5 Bh6 55. Nd4 Nc8 56. Nc6 Bc1 57. Bc4 Be3 58. Nb8 Nd6 59. Bd3 Bc1 60.
Nd7+ Ke7 61. Ne5 Bb2 62. Nc6+ Kd7 63. Nxa7 f6 64. Nc6 Nf7 65. Bc2 Ne5+ 66.
Nxe5+ Bxe5 67. Kf3 Kd6 68. Ke4 Kc5 69. Kd3 Kb4 70. Bd1 Kc5 71. Bf3 Kb4 72. Bc6
Kc5 73. Kc2 Kb4 74. Kb1 Bd6 75. Ka2 Be5 76. a5 Kxa5 77. Kb3 Bd6 78. Kc4 Be5 79.
Kd5 Bf4 80. Ke6 Bh6 81. Be8 Kb4 82. Kd5 Be3 83. Kc6 Ka5 84. Kb7 Bd4 85. Kc7 Be3
86. Kc6 Bf4 87. Kd5 Bg5 1/2-1/2

[Event "FICS rated standard game"]
[Site "FICS freechess.org"]
[Date "2010.08.14"]
[Round "?"]
[White "WolfiW"]
[Black "evilcoyote"]
[Result "1/2-1/2"]
[WhiteElo "2153"]
[BlackElo "2066"]
[PlyCount "117"]
[EventDate "2010.??.??"]
[SourceTitle "OM Portal C 201906"]
[Source "Opening Master"]
[SourceDate "2019.06.27"]
[SourceVersion "1"]
[SourceVersionDate "2019.06.27"]
[SourceQuality "1"]

1. e4 e5 2. Nf3 Nc6 3. c3 Nf6 4. Bb5 d6 5. O-O Be7 6. Re1 O-O 7. h3 a6 8. Ba4
b5 9. Bc2 Bb7 10. a3 Nb8 11. d4 Nbd7 12. Nbd2 Re8 13. Nf1 Bf8 14. Bg5 h6 15.
Bh4 g5 16. Bg3 exd4 17. Qxd4 Bg7 18. e5 dxe5 19. Nxe5 Nxe5 20. Bxe5 Qxd4 21.
Bxd4 Nd5 22. Bxg7 Kxg7 23. Ng3 Nf4 24. f3 h5 25. h4 gxh4 26. Nf5+ Kf6 27. Nxh4
Rad8 28. Be4 Bxe4 29. Rxe4 Rxe4 30. fxe4 Ke5 31. Re1 Rg8 32. Kh2 Rg4 33. Nf3+
Kd6 34. g3 Ne6 35. b4 Ng5 36. e5+ Ke7 37. Kg2 Nxf3 38. Kxf3 Ke6 39. Re4 Rg5 40.
c4 Rxe5 41. Rh4 c6 42. Kf2 f6 43. Kf3 Re1 44. Rxh5 Ra1 45. Rc5 Rxa3+ 46. Kf4
Kd6 47. Rf5 bxc4 48. Rxf6+ Kc7 49. Re6 c3 50. Re1 c2 51. Rc1 Rc3 52. g4 Kd7 53.
Kf5 Ke7 54. g5 Kf7 55. Ke4 Rc4+ 56. Kd3 Rxb4 57. Rxc2 Rb6 58. Ra2 c5 59. Kc4
1/2-1/2

[Event "Berlin Lichtenberger op 9th"]
[Site "Berlin"]
[Date "2010.08.13"]
[Round "7"]
[White "Voeller, Lothar"]
[Black "Schacht, Thomas"]
[Result "1-0"]
[WhiteElo "1533"]
[BlackElo "1699"]
[PlyCount "199"]
[EventDate "2010.08.07"]
[EventType "swiss"]
[EventRounds "9"]
[EventCountry "GER"]
[SourceTitle "CBM 137 Extra"]
[Source "ChessBase"]
[SourceDate "2010.09.01"]
[SourceVersion "1"]
[SourceVersionDate "2010.09.01"]
[SourceQuality "1"]

1. e4 e5 2. Nf3 Nc6 3. c3 Nf6 4. d4 d6 5. d5 Nb8 6. Bd3 Be7 7. h3 c6 8. c4 a5
9. O-O Na6 10. Nc3 Nc5 11. Ne1 Nxd3 12. Nxd3 O-O 13. b3 b5 14. cxb5 cxb5 15.
Bg5 Nxe4 16. Nxe4 Bxg5 17. Qh5 Be7 18. f4 f5 19. Ng5 Bxg5 20. fxg5 Qb6+ 21. Kh2
Qd4 22. g6 h6 23. Rad1 Qxd5 24. Rfe1 Bb7 25. Nf4 Qc6 26. Nd5 Rae8 27. Qe2 Re6
28. h4 Qd7 29. h5 Bxd5 30. Rxd5 Rb8 31. Rc1 Qb7 32. Qd3 e4 33. Qxb5 Qxb5 34.
Rxb5 Rf8 35. Rb7 Rfe8 36. Rcc7 Kf8 37. Rf7+ Kg8 38. Rxg7+ Kh8 39. Rh7+ Kg8 40.
Rbg7+ Kf8 41. Rf7+ Kg8 42. Rxf5 e3 43. Rf1 e2 44. Re1 R8e7 45. Rxe7 Rxe7 46.
Kg3 Kg7 47. Kf2 Re5 48. g4 Kf6 49. Rxe2 Rc5 50. Kg3 Rc3+ 51. Kh4 Rc1 52. Rf2+
Kg7 53. Rf7+ Kg8 54. Rd7 Rd1 55. Kg3 Rg1+ 56. Kf2 Rxg4 57. Rxd6 Rg5 58. Rd3
Rxh5 59. Kg2 Kg7 60. Rg3 Rd5 61. Kh3 Rd2 62. Rg2 Rd3+ 63. Kh4 Rd1 64. Kh3 Rh1+
65. Kg4 Kxg6 66. Kf4+ Kf6 67. Rg8 Kf7 68. Ra8 Rh4+ 69. Kg3 Rh5 70. Kg4 Rg5+ 71.
Kh4 Kg6 72. Ra6+ Kg7 73. Rb6 Re5 74. a4 Rd5 75. Rb5 Rd4+ 76. Kh5 Rd3 77. Rb7+
Kf6 78. Rb6+ Kg7 79. Rg6+ Kf7 80. Rb6 Kg7 81. Kg4 Rc3 82. Rb5 Rd3 83. Kf4 Kg6
84. Rb6+ Kh7 85. Ke4 Rg3 86. Kf5 Rg5+ 87. Kf4 Kg7 88. Rb5 Rg1 89. Rxa5 Rh1 90.
Kg3 Rb1 91. Rb5 Rb2 92. Kh3 Rd2 93. a5 Rd3+ 94. Kg2 h5 95. a6 Rd2+ 96. Kf3 Rd8
97. b4 Rf8+ 98. Kg3 Rf6 99. a7 Ra6 100. Ra5 1-0

[Event "NED-ch op U18"]
[Site "Enschede"]
[Date "2010.08.12"]
[Round "6"]
[White "Van Osch, Mees"]
[Black "Van Ginneken, Maikel"]
[Result "1-0"]
[WhiteElo "1876"]
[BlackElo "1316"]
[PlyCount "33"]
[EventDate "2010.08.09"]
[EventType "swiss"]
[EventRounds "9"]
[EventCountry "NED"]
[SourceTitle "CBM 137 Extra"]
[Source "ChessBase"]
[SourceDate "2010.09.01"]
[SourceVersion "1"]
[SourceVersionDate "2010.09.01"]
[SourceQuality "1"]

1. e4 e5 2. Nf3 Nc6 3. c3 d5 4. Qa4 f6 5. exd5 Qxd5 6. Bb5 Bd7 7. O-O Bc5 8.
Bc4 Qd6 9. Qb3 O-O-O 10. Qc2 Nge7 11. b4 Bb6 12. a4 a5 13. Ba3 axb4 14. cxb4
Nxb4 15. Qb3 Bc5 16. Nc3 Nbc6 17. Ne4 1-0

[Event "Geraardsbergen op 26th"]
[Site "Geraardsbergen"]
[Date "2010.08.12"]
[Round "4"]
[White "Jaquet, Reinier"]
[Black "Frederiksen, Jens"]
[Result "1-0"]
[WhiteElo "1951"]
[BlackElo "1858"]
[PlyCount "73"]
[EventDate "2010.08.11"]
[EventType "swiss"]
[EventRounds "9"]
[EventCountry "BEL"]
[SourceTitle "CBM 138 Extra"]
[Source "ChessBase"]
[SourceDate "2010.10.29"]
[SourceVersion "1"]
[SourceVersionDate "2010.10.29"]
[SourceQuality "1"]

1. e4 e5 2. Nf3 Nc6 3. c3 d6 4. d4 exd4 5. cxd4 Nf6 6. Be2 Bd7 7. Nc3 Qe7 8.
O-O O-O-O 9. Qc2 Kb8 10. Be3 b6 11. d5 Ne5 12. Nd4 c5 13. Nf5 Bxf5 14. exf5 h5
15. a4 a5 16. Bg5 Qb7 17. Bxf6 gxf6 18. Bb5 Bh6 19. f4 Nd7 20. Qe2 Rde8 21. Qc4
Re7 22. Bc6 Qc8 23. Nb5 Qa6 24. Nxd6 Qxc4 25. Nxc4 Rd8 26. g3 Ka7 27. Rfe1 Bf8
28. Rxe7 Bxe7 29. d6 Bf8 30. Bd5 Bh6 31. Bxf7 h4 32. Re1 Nb8 33. Re7+ Ka6 34.
Bd5 Bf8 35. Rf7 Bxd6 36. Bb7+ Ka7 37. Bc8+ 1-0

[Event "Berlin Lichtenberger op 9th"]
[Site "Berlin"]
[Date "2010.08.11"]
[Round "5"]
[White "Voeller, Lothar"]
[Black "Opitz, Stefanie"]
[Result "0-1"]
[WhiteElo "1533"]
[BlackElo "1156"]
[PlyCount "48"]
[EventDate "2010.08.07"]
[EventType "swiss"]
[EventRounds "9"]
[EventCountry "GER"]
[SourceTitle "CBM 137 Extra"]
[Source "ChessBase"]
[SourceDate "2010.09.01"]
[SourceVersion "1"]
[SourceVersionDate "2010.09.01"]
[SourceQuality "1"]

1. e4 e5 2. Nf3 Nc6 3. c3 Nf6 4. d4 d6 5. d5 Ne7 6. Bd3 Bg4 7. Be3 g6 8. Nbd2
Bg7 9. h3 Bxf3 10. Nxf3 O-O 11. O-O c6 12. c4 b6 13. Ne1 Rc8 14. f4 exf4 15.
Bxf4 cxd5 16. exd5 Re8 17. Rb1 a6 18. b3 b5 19. cxb5 axb5 20. Bxb5 Qb6+ 21. Kh1
Qxb5 22. Bxd6 Qxf1+ 23. Kh2 Ne4 24. Bxe7 Be5+ 0-1

[Event "Ch (open) (d)"]
[Site "Belfort (France)"]
[Date "2010.08.11"]
[Round "2"]
[White "Marquet, Didier"]
[Black "Ottl, Eric"]
[Result "0-1"]
[WhiteElo "1470"]
[BlackElo "1459"]
[PlyCount "104"]
[EventDate "2010.??.??"]
[EventRounds "11"]
[EventCountry "FRA"]
[SourceTitle "OM OTB B 201907"]
[Source "Opening Master"]
[SourceDate "2019.07.06"]
[SourceVersion "2"]
[SourceVersionDate "2019.07.06"]
[SourceQuality "1"]

1. e4 e5 2. Nf3 Nc6 3. c3 Nf6 4. d3 d6 5. Be2 Be7 6. O-O O-O 7. Nbd2 Be6 8. Ng5
h6 9. Nxe6 fxe6 10. b3 d5 11. Bb2 Qd7 12. a4 Rad8 13. Bf3 d4 14. Be2 dxc3 15.
Bxc3 Nb4 16. Bxb4 Bxb4 17. Nf3 Bc3 18. Rc1 Bd4 19. Rc4 c5 20. Nxd4 cxd4 21. Qc2
Rc8 22. Rc1 Rxc4 23. Qxc4 Qf7 24. Qc7 Qxc7 25. Rxc7 Rf7 26. Rxf7 Kxf7 27. g3 g5
28. h3 a5 29. Kg2 Kg6 30. g4 Nd7 31. Bd1 Nc5 32. Bc2 Na6 33. Kg3 Nb4 34. Bb1
Kf6 35. h4 Ke7 36. hxg5 hxg5 37. Kf3 Kd6 38. Ke2 Kc5 39. Kd2 Nc6 40. Kc1 Kb4
41. Kb2 Ne7 42. Bc2 Ng6 43. Bd1 Nf4 44. Kc2 Ka3 45. f3 Ng2 46. Kd2 Ne3 47. Be2
Kxb3 48. Bd1+ Nxd1 49. Kxd1 Kxa4 50. Ke2 b5 51. f4 exf4 52. e5 b4 0-1

[Event "Dvorkovich Memorial op 5th"]
[Site "Taganrog"]
[Date "2010.08.10"]
[Round "9"]
[White "Petrushina, Nadezhda"]
[Black "Kolesnikov, Vladimir I"]
[Result "1/2-1/2"]
[WhiteElo "2060"]
[BlackElo "2000"]
[PlyCount "113"]
[EventDate "2010.08.02"]
[EventType "swiss"]
[EventRounds "9"]
[EventCountry "RUS"]
[SourceTitle "EXT 2013"]
[Source "ChessBase"]
[SourceDate "2012.11.22"]
[SourceVersion "1"]
[SourceVersionDate "2012.11.22"]
[SourceQuality "1"]

1. e4 e5 2. Nf3 Nc6 3. c3 Nf6 4. d4 d5 5. Bb5 Nxe4 6. Nxe5 Qf6 7. O-O a6 8. Qa4
Bd7 9. Nxd7 Kxd7 10. f3 Nd6 11. Bxc6+ bxc6 12. Nd2 Nf5 13. Re1 Bd6 14. Nf1 h5
15. Be3 h4 16. h3 Nxe3 17. Rxe3 Qf4 18. Rae1 g5 19. R1e2 f5 20. b4 g4 21. fxg4
fxg4 22. Rf2 Qh6 23. Rf7+ Kd8 24. Qd1 Qg6 25. Rf2 gxh3 26. Rxh3 Kd7 27. Qc2
Qxc2 28. Rxc2 a5 29. bxa5 Rxa5 30. Ne3 Rb5 31. Nf5 Rb1+ 32. Kf2 Rf8 33. Rf3 Rh1
34. Nxd6 Rxf3+ 35. Kxf3 cxd6 36. Kg4 c5 37. Rf2 Kc6 38. a4 Rh2 39. Rf8 Rxg2+
40. Kxh4 Ra2 41. Ra8 cxd4 42. cxd4 Rd2 43. Kg3 Rxd4 44. Kf3 Re4 45. a5 Kb7 46.
Rh8 Ra4 47. Ke3 Rxa5 48. Kd4 Kc7 49. Rg8 Kd7 50. Rh8 Ke7 51. Rh7+ Ke6 52. Rh6+
Kd7 53. Rh8 Rc5 54. Rg8 Rc8 55. Rxc8 Kxc8 56. Kxd5 Kd7 57. Kd4 1/2-1/2

[Event "Vladivostok op-B"]
[Site "Vladivostok"]
[Date "2010.08.10"]
[Round "7"]
[White "Borodinov, Dmitri"]
[Black "Ivanov, Igor Y"]
[Result "1-0"]
[WhiteElo "2146"]
[BlackElo "2078"]
[PlyCount "97"]
[EventDate "2010.08.04"]
[EventType "swiss"]
[EventRounds "9"]
[EventCountry "RUS"]
[SourceTitle "EXT 2011"]
[Source "ChessBase"]
[SourceDate "2010.11.26"]
[SourceVersion "1"]
[SourceVersionDate "2010.11.26"]
[SourceQuality "1"]

1. e4 e5 2. Nf3 Nc6 3. c3 d5 4. Qa4 f6 5. exd5 Qxd5 6. d4 Bd7 7. Qd1 O-O-O 8.
Be2 exd4 9. cxd4 Bb4+ 10. Nc3 Qa5 11. Bd2 Bg4 12. a3 Bxc3 13. bxc3 Nge7 14. O-O
Nd5 15. Qc2 Nb6 16. a4 Rhe8 17. Rfe1 Qh5 18. a5 Nd5 19. Rab1 Rxe2 20. Rxe2 Bf5
21. Qc1 Bxb1 22. Qxb1 a6 23. c4 Nde7 24. Qe4 Qf5 25. d5 Qxe4 26. Rxe4 Ne5 27.
Nxe5 fxe5 28. Rxe5 Ng6 29. Re2 Kd7 30. Bc3 Rg8 31. g3 Ne7 32. f4 Nf5 33. g4 Nd6
34. c5 Nb5 35. Bb4 g6 36. Kf2 Rf8 37. Kg3 Na7 38. Re5 Nc8 39. Ba3 Rf7 40. h4
Ne7 41. c6+ bxc6 42. Bxe7 Rxe7 43. dxc6+ Kd6 44. Rxe7 Kxe7 45. g5 Kf7 46. Kg4
Ke6 47. f5+ Ke5 48. fxg6 hxg6 49. h5 1-0